000
00303nam a2200133Ia 4500
100
_a
Lawrence/J.T.
942
_c
BK
654
_a
Architecture & application
245
_a
AS/400 Architecture & application
260
_b
Shroff Pub.
_a
Bombay
_c
1993
300
_a
300
546
_a
ENGLISH
999
_c
32296
_d
32296